000
00314nam a2200121Ia 4500
008
250110s9999 xx 000 0 und d
041
_a
eng
100
_a
Patil Pooja
245
_a
Cultural Centre Pune
260
_b
Final Year B. Arch, BNCA
_c
2014
300
_a
130p
700
_a
Guide Name:Gokhale Vasudha
_9
210261
999
_c
363453
_d
363453